[Event "Mittelfranken-chTB2a 1213"]
[Site "Germany"]
[Date "2013.03.10"]
[Round "8.2"]
[White "Horstmann, Sven"]
[Black "Goetz, Dieter"]
[Result "0-1"]
[WhiteElo "2087"]
[BlackElo "1931"]
[PlyCount "106"]
[EventDate "2012.10.07"]
[EventType "team-tourn"]
[EventRounds "9"]
[EventCountry "GER"]
[SourceTitle "EXT 2019"]
[Source "ChessBase"]
[SourceDate "2018.10.10"]
[SourceVersion "1"]
[SourceVersionDate "2018.10.10"]
[SourceQuality "1"]
[WhiteTeam "Bechhofen II"]
[BlackTeam "Nuernberg SK 1911 II"]
[WhiteTeamCountry "GER"]
[BlackTeamCountry "GER"]

1. e4 d6 2. Nc3 Nf6 3. d4 c6 4. f4 Qa5 5. Qd3 Nbd7 6. Bd2 e5 7. Nf3 Qc7 8. 0-0-0 Be7 9. Be2 0-0 10. h3 a6 11. g4 b5 12. g5 Nh5 13. fxe5 dxe5 14. dxe5 Ng3 15. Rhg1 Nxe2+ 16. Nxe2 c5 17. Bf4 Qa5 18. Qd5 Nb6 19. Qc6 Be6 20. a3 Nc4 21. Nd2 Rac8 22. Nxc4 Bxc4 23. Qd7 Bxe2 24. Rde1 Rc7 25. Qf5 g6 26. Bd2 Qxd2+ 27. Kxd2 gxf5 28. Rxe2 fxe4 29. Rxe4 Rd8+ 30. Ke2 Rd4 31. Re3 Rc6 32. c3 Rd5 33. Kf3 c4 34. Re2 Re6 35. Kf4 Rd3 36. h4 Bd8 37. h5 Bb6 38. Rgg2 Bc7 39. Re4 Rh3 40. Kg4 Rd3 41. Rge2 h6 42. gxh6 Rxh6 43. e6 Rxe6 44. Rxe6 fxe6 45. Rxe6 Rd6 46. Re7 Bb6 47. Re4 Kf7 48. a4 Rd2 49. axb5 axb5 50. b3 cxb3 51. Rb4 b2 52. Rxb5 Ba5 53. c4 Rd4+ 0-1

[Event "Mittelfranken-chTB2a 1213"]
[Site "Germany"]
[Date "2013.01.27"]
[Round "1.2"]
[White "Horstmann, Sven"]
[Black "Link, Andreas"]
[Result "0-1"]
[WhiteElo "2087"]
[BlackElo "1970"]
[PlyCount "71"]
[EventDate "2012.10.07"]
[EventType "team-tourn"]
[EventRounds "9"]
[EventCountry "GER"]
[SourceTitle "EXT 2019"]
[Source "ChessBase"]
[SourceDate "2018.10.10"]
[SourceVersion "1"]
[SourceVersionDate "2018.10.10"]
[SourceQuality "1"]
[WhiteTeam "Bechhofen II"]
[BlackTeam "Nuernberg Zabo"]
[WhiteTeamCountry "GER"]
[BlackTeamCountry "GER"]

1. e4 c5 2. Nc3 d6 3. g3 Nf6 4. Bg2 Nc6 5. d3 e6 6. f4 Be7 7. Nf3 d5 8. e5 Nd7 9. 0-0 a6 10. a4 0-0 11. Ne2 f6 12. Bh3 f5 13. c3 d4 14. Qb3 Nb6 15. a5 Nd5 16. cxd4 cxd4 17. Nfxd4 Nxa5 18. Qa4 b6 19. Bd2 Bd7 20. Qa2 Nc6 21. Nxf5 Bb4 22. Nfd4 Bc5 23. Bc3 b5 24. Kh1 Qe7 25. f5 Ne3 26. fxe6 Rxf1+ 27. Rxf1 Be8 28. Nf5 Nxf5 29. Rxf5 b4 30. Bd2 Bg6 31. Bg4 Qb7 32. e7+ b3 33. Qa4 Bxf5 34. Qc4+ Kh8 35. Bxf5 Bb4 36. Be4 0-1

[Event "Mittelfranken-chTB2a 1112"]
[Site "Germany"]
[Date "2012.03.25"]
[Round "9.3"]
[White "Straschewski, Joerg"]
[Black "Horstmann, Sven"]
[Result "0-1"]
[WhiteElo "1814"]
[BlackElo "1919"]
[PlyCount "94"]
[EventDate "2011.09.25"]
[EventType "team-tourn"]
[EventRounds "9"]
[EventCountry "GER"]
[SourceTitle "EXT 2018"]
[Source "ChessBase"]
[SourceDate "2017.10.13"]
[SourceVersion "1"]
[SourceVersionDate "2017.10.13"]
[SourceQuality "1"]
[WhiteTeam "Cadolzburg"]
[BlackTeam "Bechhofen II"]
[WhiteTeamCountry "GER"]
[BlackTeamCountry "GER"]

1. d4 d5 2. Bf4 Nf6 3. e3 e6 4. Nd2 Bd6 5. Bg3 0-0 6. Ngf3 b6 7. c3 c5 8. Bd3 a5 9. Ne5 Ba6 10. Bxa6 Nxa6 11. Bh4 Rc8 12. 0-0 Be7 13. Qe2 c4 14. f4 Ne8 15. Bxe7 Qxe7 16. e4 Nd6 17. Rae1 Rfe8 18. Qf3 Nc7 19. Qh3 b5 20. f5 f6 21. Nc6 Qd7 22. Nxa5 exf5 23. e5 fxe5 24. dxe5 Nf7 25. Rxf5 g6 26. e6 Nxe6 27. Rf6 Qa7+ 28. Qe3 Nc5 29. Qxe8+ Rxe8 30. Rxe8+ Kg7 31. Nc6 Qb6 32. Rb8 Qc7 33. Rxb5 Kxf6 34. Rxc5 Qb6 35. b4 Qa6 36. Nd4 Qxa2 37. Rc6+ Kg7 38. N2f3 Qa1+ 39. Kf2 Qxc3 40. Kg3 Ne5 41. Rc7+ Kh6 42. b5 Nxf3 43. Nxf3 Qb4 44. Rb7 c3 45. h4 c2 46. Ng5 Qc3+ 47. Kg4 Qg7 0-1

[Event "Mittelfranken-chTB2a 1112"]
[Site "Germany"]
[Date "2011.09.25"]
[Round "1.3"]
[White "Horstmann, Sven"]
[Black "Gebhard, Thomas"]
[Result "0-1"]
[WhiteElo "1902"]
[BlackElo "1918"]
[PlyCount "54"]
[EventDate "2011.09.25"]
[EventType "team-tourn"]
[EventRounds "9"]
[EventCountry "GER"]
[SourceTitle "EXT 2013"]
[Source "ChessBase"]
[SourceDate "2012.11.22"]
[SourceVersion "1"]
[SourceVersionDate "2012.11.22"]
[SourceQuality "1"]
[WhiteTeam "Bechhofen II"]
[BlackTeam "Nuernberg Zabo"]
[WhiteTeamCountry "GER"]
[BlackTeamCountry "GER"]

1. Nf3 e6 2. d4 f5 3. c4 Nf6 4. Nc3 d5 5. Bg5 c6 6. c5 Be7 7. Qc2 0-0 8. e3 Nbd7 9. b4 b6 10. a3 bxc5 11. bxc5 h6 12. Bf4 g5 13. Be5 Ne4 14. Nxe4 fxe4 15. Nd2 Nxe5 16. dxe5 Qa5 17. Be2 Qxc5 18. Qxc5 Bxc5 19. h4 Be7 20. hxg5 hxg5 21. f3 exf3 22. gxf3 Bd7 23. Bd3 Rab8 24. Ke2 c5 25. Rh7 Rf7 26. Rh6 Rg7 27. Bg6 Rxg6 0-1

[Event "Mittelfranken-chT 0405"]
[Site "Germany"]
[Date "2004.12.05"]
[Round "3.1"]
[White "Horstmann, Sven"]
[Black "Fink, Martin"]
[Result "1/2-1/2"]
[WhiteElo "1974"]
[BlackElo "1882"]
[PlyCount "26"]
[EventDate "2004.10.17"]
[EventType "team"]
[EventRounds "9"]
[EventCountry "GER"]
[SourceTitle "EXT 2007"]
[Source "ChessBase"]
[SourceDate "2006.11.23"]
[SourceVersion "1"]
[SourceVersionDate "2006.11.23"]
[SourceQuality "1"]

1. e4 c5 2. Nc3 Nc6 3. g3 g6 4. Bg2 Bg7 5. d3 d6 6. Nge2 Nf6 7. f4 0-0 8. 0-0 e6 9. h3 Bd7 10. g4 Rb8 11. Ng3 Ne8 12. f5 Qh4 13. Nce2 Be5 1/2-1/2

[Event "Regionalliga NO 0304"]
[Site "Bayern"]
[Date "2003.11.23"]
[Round "3.7"]
[White "Troidl, Thomas"]
[Black "Horstmann, Sven"]
[Result "1-0"]
[WhiteElo "1890"]
[BlackElo "1955"]
[PlyCount "65"]
[EventDate "2003.10.??"]
[EventType "team-tourn"]
[EventRounds "9"]
[EventCountry "GER"]
[SourceTitle "EXT 2006"]
[Source "ChessBase"]
[SourceDate "2005.11.24"]
[SourceVersion "1"]
[SourceVersionDate "2005.11.24"]
[SourceQuality "1"]
[WhiteTeam "Regensburg Fortuna III"]
[BlackTeam "Nuernberg NT II"]
[WhiteTeamCountry "GER"]
[BlackTeamCountry "GER"]

1. e4 e6 2. Ne2 d5 3. exd5 exd5 4. Ng3 Bd6 5. d4 Ne7 6. Bd3 Nbc6 7. c3 Be6 8. 0-0 Qd7 9. f4 Bg4 10. Qc2 h5 11. b4 h4 12. Nh1 0-0-0 13. Nf2 Bf5 14. a4 f6 15. Na3 g5 16. Nb5 Bxf4 17. Bxf4 gxf4 18. Qd2 f3 19. Bxf5 Nxf5 20. Nd3 fxg2 21. Rf3 a6 22. Nc5 Qh7 23. Qf2 Ng3 24. hxg3 h3 25. Kh2 axb5 26. axb5 Nb8 27. Rxf6 Rde8 28. Rf7 g1Q+ 29. Kxg1 Qg6 30. Qf4 h2+ 31. Kh1 Qb6 32. Qf5+ Kd8 33. Rd7+ 1-0

[Event "Mittelfranken-ch HT 52nd"]
[Site "Uttenreuth"]
[Date "2003.04.18"]
[Round "8"]
[White "Horstmann, Sven"]
[Black "Woerl, Richard"]
[Result "1/2-1/2"]
[WhiteElo "1846"]
[BlackElo "2087"]
[PlyCount "46"]
[EventDate "2003.04.15"]
[EventType "swiss"]
[EventRounds "9"]
[EventCountry "GER"]
[SourceTitle "EXT 2011"]
[Source "ChessBase"]
[SourceDate "2010.11.26"]
[SourceVersion "1"]
[SourceVersionDate "2010.11.26"]
[SourceQuality "1"]

1. e4 c5 2. Nc3 Nc6 3. g3 e6 4. Bg2 d6 5. d3 Be7 6. f4 g5 7. fxg5 Bxg5 8. Nf3 Bf6 9. Be3 Nd4 10. Qd2 Bd7 11. 0-0-0 Qa5 12. Bg5 Bg7 13. Kb1 Rc8 14. Rhf1 Rc6 15. Ne2 Qa4 16. Nfxd4 cxd4 17. e5 dxe5 18. Bxc6 Bxc6 19. c3 f6 20. cxd4 fxg5 21. Qxg5 Bf6 22. Rxf6 Qxd1+ 23. Nc1 Nxf6 1/2-1/2

[Event "DLM U20"]
[Site "Werfen"]
[Date "2002.08.01"]
[Round "6.6"]
[White "Mader, Michael"]
[Black "Horstmann, Sven"]
[Result "0-1"]
[WhiteElo "1781"]
[BlackElo "1805"]
[PlyCount "52"]
[EventDate "2002.07.28"]
[EventType "team-swiss"]
[EventRounds "7"]
[EventCountry "GER"]
[SourceTitle "CBM 089 Extra"]
[Source "ChessBase"]
[SourceDate "2002.09.10"]
[SourceVersion "2"]
[SourceVersionDate "2002.09.10"]
[SourceQuality "1"]

1. e4 e6 2. d3 d5 3. Qe2 Nf6 4. Nf3 c5 5. e5 Nfd7 6. c3 Nc6 7. d4 Qb6 8. Qd1 cxd4 9. cxd4 Be7 10. Be2 0-0 11. 0-0 f6 12. Nc3 fxe5 13. dxe5 Ndxe5 14. Rb1 Bf6 15. Na4 Nxf3+ 16. Bxf3 Qd4 17. Qc2 Ne5 18. Be2 b6 19. Be3 Qb4 20. a3 Qd6 21. Bd2 Qc6 22. Qd1 Bd7 23. Nc3 Nc4 24. Be1 Rac8 25. Na2 Nxb2 26. Bb4 Nxd1 0-1

[Event "Nuremberg-ch op 02nd"]
[Site "Nuremberg"]
[Date "2002.06.22"]
[Round "3"]
[White "Horstmann, Sven"]
[Black "Bunk, Karsten"]
[Result "0-1"]
[WhiteElo "1773"]
[BlackElo "2155"]
[PlyCount "64"]
[EventDate "2002.06.21"]
[EventType "swiss"]
[EventRounds "5"]
[EventCountry "GER"]
[SourceTitle "EXT 2006"]
[Source "ChessBase"]
[SourceDate "2005.11.24"]
[SourceVersion "1"]
[SourceVersionDate "2005.11.24"]
[SourceQuality "1"]

1. e4 c5 2. Nc3 Nc6 3. g3 g6 4. Bg2 Bg7 5. d3 d6 6. Be3 Rb8 7. a4 a6 8. Qd2 b5 9. axb5 axb5 10. Nge2 b4 11. Nd1 Nd4 12. 0-0 Bg4 13. f3 Bd7 14. Nc1 Nf6 15. c3 bxc3 16. bxc3 Nb3 17. Nxb3 Rxb3 18. d4 cxd4 19. cxd4 Qb8 20. e5 Nd5 21. Bh6 0-0 22. Bxg7 Kxg7 23. f4 Bc6 24. f5 Qb6 25. f6+ exf6 26. Bxd5 Bxd5 27. exf6+ Kh8 28. Ra5 Be4 29. Nf2 Bb7 30. Nd1 Rb4 31. Rf4 Qxa5 32. Rh4 Rb5 0-1

[Event "Bayern-ch U14"]
[Site "Mimberg"]
[Date "2002.04.05"]
[Round "7"]
[White "Bayer, Marius"]
[Black "Horstmann, Sven"]
[Result "1/2-1/2"]
[WhiteElo "1672"]
[BlackElo "1724"]
[PlyCount "21"]
[EventDate "2002.04.??"]
[EventType "swiss"]
[EventRounds "7"]
[EventCountry "GER"]
[SourceTitle "EXT 2004"]
[Source "ChessBase"]
[SourceDate "2003.11.25"]
[SourceVersion "1"]
[SourceVersionDate "2003.11.25"]
[SourceQuality "1"]

1. Nf3 e6 2. c4 d5 3. cxd5 exd5 4. g3 Nf6 5. Bg2 Bd6 6. Nc3 c6 7. 0-0 0-0 8. d4 Re8 9. Qc2 Na6 10. a3 Bg4 11. b4 1/2-1/2

[Event "Bayern-ch U14"]
[Site "Mimberg"]
[Date "2002.04.02"]
[Round "3"]
[White "Kaeck, Ralf"]
[Black "Horstmann, Sven"]
[Result "1-0"]
[WhiteElo "1515"]
[BlackElo "1724"]
[PlyCount "107"]
[EventDate "2002.04.??"]
[EventType "swiss"]
[EventRounds "7"]
[EventCountry "GER"]
[SourceTitle "EXT 2004"]
[Source "ChessBase"]
[SourceDate "2003.11.25"]
[SourceVersion "1"]
[SourceVersionDate "2003.11.25"]
[SourceQuality "1"]

1. d4 d5 2. c4 Nc6 3. Nf3 Bg4 4. e3 e5 5. cxd5 Qxd5 6. Nc3 Bb4 7. Nd2 Qd7 8. f3 exd4 9. exd4 Bf5 10. Nb3 0-0-0 11. Bb5 Qe7+ 12. Kf2 Nxd4 13. Nxd4 Qh4+ 14. g3 Qxd4+ 15. Qxd4 Rxd4 16. Be3 Bxc3 17. bxc3 Rd6 18. Rad1 Rxd1 19. Rxd1 a6 20. Bc4 Be6 21. Bd4 Nf6 22. Bxf6 gxf6 23. Bb3 Rd8 24. Rxd8+ Kxd8 25. Bc2 Bxa2 26. Bxh7 a5 27. Ke3 a4 28. Kd2 Bb3 29. Bd3 Ke7 30. c4 b6 31. h4 Kf8 32. Kc3 Kg7 33. Be4 c5 34. Bc2 Ba2 35. Bxa4 Bb1 36. Bc2 Ba2 37. Bd3 b5 38. cxb5 Be6 39. b6 Bc8 40. Be4 Kh6 41. b7 Bxb7 42. Bxb7 Kh5 43. Bc8 Kg6 44. g4 Kh6 45. Kc4 Kg6 46. Kxc5 Kh6 47. Kd6 Kh7 48. Ke7 Kg7 49. h5 f5 50. Bxf5 f6 51. Be6 Kh8 52. Kxf6 Kh7 53. g5 Kh8 54. Bd5 1-0

[Event "Bayern-ch U14"]
[Site "Mimberg"]
[Date "2002.04.01"]
[Round "1"]
[White "Jussupow, Ekaterina"]
[Black "Horstmann, Sven"]
[Result "0-1"]
[WhiteElo "1436"]
[BlackElo "1724"]
[PlyCount "66"]
[EventDate "2002.04.??"]
[EventType "swiss"]
[EventRounds "7"]
[EventCountry "GER"]
[SourceTitle "EXT 2004"]
[Source "ChessBase"]
[SourceDate "2003.11.25"]
[SourceVersion "1"]
[SourceVersionDate "2003.11.25"]
[SourceQuality "1"]

1. d4 d5 2. Nf3 Nf6 3. e3 e6 4. Bd3 c5 5. b3 Be7 6. Bb2 0-0 7. Nbd2 Bd7 8. Ne5 a6 9. 0-0 b5 10. c4 Qb6 11. Qc2 h6 12. f4 Nc6 13. h3 Nb4 14. Qc1 Nxd3 15. Nxd3 Rac8 16. Ne5 Rc7 17. Qc3 cxd4 18. exd4 bxc4 19. bxc4 Rb8 20. Rab1 Bb4 21. c5 Qa5 22. Qb3 Ba4 23. Ndc4 dxc4 24. Qxc4 Bb5 25. Qb3 Bxf1 26. Kxf1 Qb5+ 27. Kg1 Bxc5 28. Qxb5 Rxb5 29. dxc5 Rcxc5 30. Kh2 Rc2 31. Nd3 Nd5 32. Re1 Rbxb2 33. Nxb2 Rxb2 0-1

[Event "Mittelfranken Mitte-ch 0203"]
[Site "Zirndorf"]
[Date "2002.??.??"]
[Round "5"]
[White "Bildt, Thomas"]
[Black "Horstmann, Sven"]
[Result "0-1"]
[WhiteElo "2015"]
[BlackElo "1882"]
[PlyCount "78"]
[EventDate "2003.09.20"]
[EventType "swiss"]
[EventRounds "7"]
[EventCountry "GER"]
[SourceTitle "EXT 2015"]
[Source "ChessBase"]
[SourceDate "2014.11.20"]
[SourceVersion "1"]
[SourceVersionDate "2014.11.20"]
[SourceQuality "1"]

1. e4 e6 2. d4 d5 3. Nd2 Nf6 4. e5 Nfd7 5. f4 c5 6. Ngf3 Qb6 7. Nb3 cxd4 8. Qxd4 Nc6 9. Qxb6 Nxb6 10. Nbd4 Nxd4 11. Nxd4 Bc5 12. Nb3 Be7 13. Be3 Bd7 14. Bxb6 axb6 15. Nd4 Ra4 16. Ne2 0-0 17. g3 Rc8 18. c3 b5 19. Bg2 b4 20. 0-0 bxc3 21. Nxc3 Bc5+ 22. Kh1 Rb4 23. Rab1 Bd4 24. Bf3 Kf8 25. Rfd1 Bxc3 26. bxc3 Rxb1 27. Rxb1 Rxc3 28. Rxb7 Ke8 29. Be2 Rc1+ 30. Kg2 Rc2 31. Kf3 Rxa2 32. Bb5 Ra3+ 33. Kf2 Bxb5 34. Rxb5 Ra7 35. Rb8+ Ke7 36. Rh8 Ra2+ 37. Kg1 h6 38. Rh7 d4 39. h3 d3 0-1

[Event "Mittelfranken Mitte-ch 0203"]
[Site "Zirndorf"]
[Date "2002.??.??"]
[Round "1"]
[White "Kleist, Werner"]
[Black "Horstmann, Sven"]
[Result "0-1"]
[WhiteElo "1334"]
[BlackElo "1882"]
[PlyCount "102"]
[EventDate "2003.09.20"]
[EventType "swiss"]
[EventRounds "7"]
[EventCountry "GER"]
[SourceTitle "EXT 2015"]
[Source "ChessBase"]
[SourceDate "2014.11.20"]
[SourceVersion "1"]
[SourceVersionDate "2014.11.20"]
[SourceQuality "1"]

1. Nf3 d5 2. d4 c5 3. Nc3 Nc6 4. g3 Bg4 5. e3 cxd4 6. exd4 Bxf3 7. Qxf3 Nxd4 8. Qd3 Nc6 9. Qxd5 Qxd5 10. Nxd5 0-0-0 11. c4 e6 12. Nc3 Nd4 13. Rb1 Nc2+ 14. Ke2 Nd4+ 15. Ke1 Nf6 16. Be2 h6 17. Bf4 Bb4 18. Bd1 e5 19. Bc1 Ne4 20. Bd2 Nf3+ 21. Bxf3 Nxd2 22. Bg4+ Kb8 23. Rd1 Nxc4 24. Rxd8+ Rxd8 25. a3 Nxa3 26. Bd1 Bxc3+ 27. bxc3 Rd3 28. c4 Nxc4 29. Ke2 Rd2+ 30. Kf3 f5 31. Re1 g5 32. Be2 e4+ 33. Kg2 Ne5 34. h3 Nd3 35. Bxd3 Rxd3 36. Rc1 Rd5 37. Kf1 a5 38. Ke2 Ka7 39. Rc7 a4 40. Rc4 Ra5 41. Rc1 a3 42. Ra1 b5 43. Kd2 a2 44. Kc3 Kb6 45. Kb4 Ra4+ 46. Kb3 Ka5 47. Rxa2 Rxa2 48. Kxa2 Kb4 49. Kb2 h5 50. h4 gxh4 51. gxh4 f4 0-1

[Event "Nuremberg Zabo op 03rd"]
[Site "Nuremberg"]
[Date "2001.09.22"]
[Round "2"]
[White "Horstmann, Sven"]
[Black "Koegler, Christian"]
[Result "1-0"]
[WhiteElo "1708"]
[BlackElo "1304"]
[PlyCount "55"]
[EventDate "2001.09.21"]
[EventType "swiss"]
[EventRounds "5"]
[EventCountry "GER"]
[SourceTitle "EXT 2003"]
[Source "ChessBase"]
[SourceDate "2002.11.25"]
[SourceVersion "1"]
[SourceVersionDate "2002.11.25"]
[SourceQuality "1"]

1. Nf3 Nc6 2. d4 d5 3. e3 Nf6 4. c4 Bf5 5. a3 a5 6. b3 e6 7. Bd3 Bg6 8. Bb2 Be7 9. 0-0 Ne4 10. cxd5 exd5 11. Ne5 0-0 12. Nxc6 bxc6 13. Qc2 Rb8 14. f3 Nf6 15. Bxg6 hxg6 16. Bc3 Ra8 17. Bd2 Qb8 18. Ra2 Qb6 19. Rc1 Bd6 20. Rb2 Ra6 21. b4 Rb8 22. Qd3 axb4 23. Bxb4 Rba8 24. Qd2 Bxb4 25. Rxb4 Qa5 26. Rc5 Qxb4 27. axb4 Nd7 28. Rc2 1-0

[Event "Mittelfranken Mitte-ch 0001"]
[Site "Zirndorf"]
[Date "2001.??.??"]
[Round "3"]
[White "Horstmann, Sven"]
[Black "Hintyes, Helmuth"]
[Result "1/2-1/2"]
[WhiteElo "1612"]
[BlackElo "1788"]
[PlyCount "81"]
[EventDate "2001.01.13"]
[EventType "swiss"]
[EventRounds "7"]
[EventCountry "GER"]
[SourceTitle "EXT 2015"]
[Source "ChessBase"]
[SourceDate "2014.11.20"]
[SourceVersion "1"]
[SourceVersionDate "2014.11.20"]
[SourceQuality "1"]

1. e4 c5 2. Nc3 e5 3. g3 d6 4. Bg2 Nc6 5. d3 Be7 6. f4 f5 7. Nf3 Nf6 8. 0-0 g6 9. Kh1 0-0 10. Bd2 Nh5 11. exf5 Bxf5 12. fxe5 dxe5 13. Bh6 Rf7 14. Qd2 Qd7 15. Rae1 Bf6 16. Bg5 Re8 17. Bxf6 Rxf6 18. Ng5 Kg7 19. Nge4 Bxe4 20. Nxe4 Rxf1+ 21. Rxf1 Qe7 22. a3 Nd4 23. Bh3 Rf8 24. Rxf8 Qxf8 25. c3 Nf5 26. Bxf5 Qxf5 27. Kg2 b6 28. Qf2 Nf6 29. Nxf6 Kxf6 30. Qf3 h5 31. h4 Qxf3+ 32. Kxf3 Kf5 33. b4 cxb4 34. cxb4 b5 35. Ke3 a6 36. Kf3 g5 37. hxg5 Kxg5 38. Ke4 Kg4 39. Kxe5 Kxg3 40. d4 h4 41. d5 1/2-1/2

[Event "Mittelfranken-ch HT 50th"]
[Site "Buechenbach"]
[Date "2001.??.??"]
[Round "8"]
[White "Horstmann, Sven"]
[Black "Kirchner, Norbert"]
[Result "1/2-1/2"]
[WhiteElo "1637"]
[BlackElo "2022"]
[PlyCount "102"]
[EventDate "2001.04.10"]
[EventType "swiss"]
[EventRounds "9"]
[EventCountry "GER"]
[SourceTitle "EXT 2011"]
[Source "ChessBase"]
[SourceDate "2010.11.26"]
[SourceVersion "1"]
[SourceVersionDate "2010.11.26"]
[SourceQuality "1"]

1. Nf3 d5 2. d4 Nf6 3. e3 Bf5 4. c4 c6 5. Bd3 Bxd3 6. Qxd3 e6 7. a3 Nbd7 8. 0-0 Bd6 9. Nbd2 0-0 10. b4 Re8 11. Bb2 e5 12. dxe5 Nxe5 13. Nxe5 Bxe5 14. Bxe5 Rxe5 15. Nf3 Re4 16. cxd5 Qxd5 17. Qxd5 Nxd5 18. Rfd1 f6 19. Rd3 Rae8 20. b5 Rc4 21. g3 Kf7 22. Nd2 Rc2 23. Nb3 Nb6 24. Nd4 Rc4 25. Nf5 Kg6 26. Nd6 Rd8 27. Rad1 Ra4 28. f4 h5 29. f5+ Kh7 30. bxc6 bxc6 31. Nf7 Rxd3 32. Rxd3 c5 33. Nd6 c4 34. Rc3 Nd5 35. Rxc4 Rxa3 36. e4 Ne3 37. Rc7 Kh6 38. Nf7+ Kh7 39. Nd8 a5 40. Ne6 Ra1+ 41. Kf2 Ng4+ 42. Ke2 Ra2+ 43. Kd1 Rxh2 44. Rxg7+ Kh6 45. Rg6+ Kh7 46. Nf8+ Kh8 47. Nd7 a4 48. Nxf6 Nxf6 49. Rxf6 a3 50. Ra6 a2 51. Kc1 Re2 1/2-1/2

[Event "Mittelfranken-ch HT 50th"]
[Site "Buechenbach"]
[Date "2001.??.??"]
[Round "3"]
[White "Horstmann, Sven"]
[Black "Zeltner, Ottmar"]
[Result "1/2-1/2"]
[WhiteElo "1637"]
[BlackElo "2047"]
[PlyCount "43"]
[EventDate "2001.04.10"]
[EventType "swiss"]
[EventRounds "9"]
[EventCountry "GER"]
[SourceTitle "EXT 2011"]
[Source "ChessBase"]
[SourceDate "2010.11.26"]
[SourceVersion "1"]
[SourceVersionDate "2010.11.26"]
[SourceQuality "1"]

1. Nf3 d6 2. d4 g6 3. e4 Bg7 4. c3 Nf6 5. Bd3 0-0 6. 0-0 Nc6 7. Bf4 Nh5 8. Bg3 Nxg3 9. hxg3 Bg4 10. Nbd2 e5 11. d5 Ne7 12. Rb1 Bh6 13. Qc2 Bd7 14. c4 b6 15. b4 a5 16. b5 f5 17. Nh2 Kh8 18. a4 fxe4 19. Bxe4 Nf5 20. Ndf3 Bg7 21. Qd3 Nh6 22. Nh4 1/2-1/2

[Event "Mittelfranken-ch HT 50th"]
[Site "Buechenbach"]
[Date "2001.??.??"]
[Round "2"]
[White "Schroll, Ralph"]
[Black "Horstmann, Sven"]
[Result "1-0"]
[WhiteElo "2174"]
[BlackElo "1637"]
[PlyCount "117"]
[EventDate "2001.04.10"]
[EventType "swiss"]
[EventRounds "9"]
[EventCountry "GER"]
[SourceTitle "EXT 2011"]
[Source "ChessBase"]
[SourceDate "2010.11.26"]
[SourceVersion "1"]
[SourceVersionDate "2010.11.26"]
[SourceQuality "1"]

1. d4 d5 2. c4 Nc6 3. Nc3 Nf6 4. Nf3 Bg4 5. Bg5 Ne4 6. Bh4 Nxc3 7. bxc3 g6 8. e3 Bg7 9. h3 Bf5 10. Qb3 0-0 11. cxd5 Na5 12. Qb5 c6 13. dxc6 bxc6 14. Qc5 Qb6 15. Qxb6 axb6 16. Rc1 Rfe8 17. Bg3 Nb7 18. Bc4 Nd6 19. Bb3 Be4 20. Ke2 c5 21. Bxd6 Bxf3+ 22. Kxf3 exd6 23. Rb1 b5 24. Bd5 Ra5 25. Rb2 Ra3 26. Rxb5 cxd4 27. cxd4 Bxd4 28. Rb7 Rf8 29. Rc1 Bc5 30. Bb3 Raa8 31. Rc4 Rab8 32. Rd7 Rbd8 33. Rxd8 Rxd8 34. Rf4 Rf8 35. Re4 Kg7 36. Re7 Kf6 37. Rd7 h6 38. h4 Ba3 39. Ke2 Bc5 40. a4 h5 41. Bc4 Ke5 42. Bxf7 Ra8 43. Bxg6 Rxa4 44. g3 Ra2+ 45. Kf3 Bb4 46. Kg2 Ke6 47. Rb7 Kf6 48. Rxb4 Kxg6 49. Rd4 Ra6 50. Rd5 Kh6 51. Kf3 Kg6 52. Kf4 Kh6 53. e4 Kg6 54. f3 Kh6 55. Kf5 Kg7 56. Kg5 Ra3 57. Rf5 Rc3 58. Kxh5 Rc5 59. Kg4 1-0